Statistics for A Pop Quiz

Click here to take the quiz!

General Stats

  • This quiz has been taken 18 times
  • The average score is 13 of 30

Answer Stats

HintAnswer% Correct
Movie snackPopcorn
82%
Sailor manPopeye
82%
Carbonated beverageSoda pop
82%
Common treePoplar
76%
Frozen treatPopsicle
76%
Flowers in FlandersPoppies
71%
Like Warhol's soup cansPop art
65%
NonsensePoppycock
65%
Children's songPop goes the Weasel
59%
Toy weaponPop gun
53%
Fruit-filled pastryPop Tart
53%
To open champagnePop the cork
53%
Seoul musicK-pop
47%
Genre of tunesPop music
47%
Music rankingPop chart
41%
Type of fly ballPop up
41%
Frontman for the StoogesIggy Pop
35%
Family businessMom and Pop
35%
Carbonated candyPop Rocks
35%
Politician for 'the people'Populist
35%
Trendy in societyPop culture
29%
Type of fabricPoplin
29%
Ride on the back tirePop a wheelie
24%
Type of canPop top
24%
Magazine for DYIersPopular Mechanics
24%
Youth football leaguePop Warner
24%
Hot pepper snackJalapeño poppers
18%
Hollow rollPopover
18%
Pretentious talkerPopinjay
6%
Board gamePop-o-Matic Trouble
0%

Score Distribution

Percentile by Number Answered

Percent of People with Each Score

Your Score History

You have not taken this quiz